Donde no hago pie /
En su libro anterior, Por qué volvías cada verano, Belén López Peiró se atrevió a narrar en primera persona un caso de abuso familiar. En este, nos muestra la experiencia judicial que implica denunciar a un tío abusador, comisario de un pueblo del interior bonaerense: todos se convierten en cómplice...
Guardado en:
| Autor Principal: | |
|---|---|
| Formato: | Libro |
| Idioma: | Undetermined |
| Publicado: |
Buenos Aires :
Sudamericana,
2023.
|
| Edición: | 1a ed. |
| Series: | Identidades bonaerenses
|
| Materias: | |
| Etiquetas: |
Agregar Etiqueta
Sin Etiquetas, Sea el primero en etiquetar este registro!
|
| LEADER | 01686nam a22002655a 4500 | ||
|---|---|---|---|
| 001 | CEM.cems024782 | ||
| 008 | 250710s2023####ag############000#0#und#d | ||
| 005 | 20250822080553.0 | ||
| 245 | 1 | 0 | |a Donde no hago pie / |c Belén López Peiró. |
| 250 | |a 1a ed. | ||
| 260 | |a Buenos Aires : |b Sudamericana, |c 2023. | ||
| 300 | |a 181 p. | ||
| 490 | 1 | |a Identidades bonaerenses | |
| 500 | |a Edición especial de la Dirección de Cultura y Educación de la Provincia de Buenos Aires. | ||
| 500 | |a Sugerencia de edad: a partir de ciclo orientado. Requiere acompañamiento docente. | ||
| 520 | |a En su libro anterior, Por qué volvías cada verano, Belén López Peiró se atrevió a narrar en primera persona un caso de abuso familiar. En este, nos muestra la experiencia judicial que implica denunciar a un tío abusador, comisario de un pueblo del interior bonaerense: todos se convierten en cómplices y ocultan la verdad, las mujeres son culpabilizadas a priori y el acceso a la verdad parece imposible. Frente a instituciones patriarcales, un caso de abuso familiar se convierte en el comienzo de una lucha por el derecho a la justicia. Un libro que permite entender cómo funciona un sistema judicial profundamente patriarcal. | ||
| 020 | |a 9789500769396 | ||
| 100 | 1 | |a López Peiró, Belén. | |
| 653 | |a Narrativa argentina | ||
| 653 | |a Literatura argentina | ||
| 653 | |a Identidades bonaerenses | ||
| 859 | |a CEMS |b BIB. CEMS - Agricultura |h A863.4 |i L864 |p A3934.25 |t Ej.1 | ||
| 859 | |a CEMS |b BIB. CEMS - Ccias. Educacion |h 863.4 |i L864 |k CE |p 30117.25 |t Ej.1 | ||
| 859 | |a CEMS |b BIB. CEMS - 11 de abril |h 863.4 |i L864 |p 30115.25 |t Ej.1 | ||
| 859 | |a CEMS |b BIB. CEMS - 11 de abril |h 863.4 |i L864 |p 30116.25 |t Ej.2 | ||
